000
00250nam a2200097Ia 4500
001
694937
005
20250826161943.0
008
250824s9999 xx 000 0 und d
245
0
_a
GÜVERCİNİN KANATLARI
_c
HENRY JAMES
260
_b
TÜRKİYE İŞ BANKASI
999
_c
694937
_d
694937